Hamka : ulama, pemimpin, sasterawan

Bibliographic Details
Main Author: Abdul Latip Talib
Other Authors: Title
Format: Book
Published: Selangor : PTS Publications House Sdn. Bhd. 2014
Subjects:

MARC

LEADER 00000cam a2200000 7i4500
001 0000088111
005 20230125103357.0
008 220321
020 |a 9789674113100 
041 0 |a Malay 
090 0 0 |a 297.61   |b ABD 
100 0 |a Abdul Latip Talib 
245 1 0 |a Hamka :   |b ulama, pemimpin, sasterawan   |c Abdul Latip Talib 
260 |a Selangor :   |b PTS Publications House Sdn. Bhd. 2014 
300 |a 486 p. ;   |c 21.5 cm. 
541 |c Purchased on 2021   |f E210247 EKM   |h RM27.00 
650 0 |a Hamka   |y 1908-1981 
650 0 |a Hamka   |y 1908-1981   |x Fiction 
650 0 |a Muslim scholars   |z Indonesia   |x Fiction 
700 0 |a Title 
999 |a 0001681279   |b Book   |c Adult Collection   |e Perbadanan Perpustakaan Awam Johor